000 00575nam a2200193Ia 4500
003 GCL
008 140319s9999 xx 000 0 ara d
040 _aGCL /
_cGCL
082 0 4 _a937.06
_bم ت
100 1 _aمحمد محمد مرسى الشيخ
245 1 0 _aتاريخ الامبراطورية البيزنطية /
_cمحمد محمد مرسى الشيخ
300 _a412 ص
490 _a
650 0 4 _aتاريخ
650 0 4 _aالحروب الصليبية
650 0 4 _aالحروب
650 0 4 _aالامبراطورية البيزنطية
942 _2ddc
_cBK
999 _c41242
_d41242